NextGenerationEU a národné Plány obnovy

Základné ciele, financovanie a priebeh Plánu obnovy EÚ, ako aj národného Plánu obnovy SR.

Salvato in:
Dettagli Bibliografici
Autore principale: Luchava Havettová, Miroslava
Natura: Capitolo di libro
Lingua:slovacco
Soggetti:
Tags: Aggiungi Tag
Nessun Tag, puoi essere il primo ad aggiungerne!!

MARC

LEADER 00000naa a2200000 4500
001 0280612
005 20240502074345.1
041 0 |a slo 
044 |a SK 
245 1 0 |a NextGenerationEU a národné Plány obnovy  |c Miroslava Luchava Havettová 
520 |a Základné ciele, financovanie a priebeh Plánu obnovy EÚ, ako aj národného Plánu obnovy SR. 
610 2 0 |a plán dlhodobý 
610 2 0 |a generácie 
610 2 0 |a koronakríza 
610 2 0 |a koronavírus 
610 2 0 |a financovanie 
100 1 |a Luchava Havettová, Miroslava